LIBRARY & INFORMATION CENTRE, KCAET, TAVANUR

ONLINE PUBLIC ACCESS CATALOGUE (OPAC)

oresteia (Record no. 616)

MARC details
000 -LEADER
fixed length control field 00310cam a2200145ua 4500
041 ## - LANGUAGE CODE
Language code of text/sound track or separate title eng
082 ## - DEWEY DECIMAL CLASSIFICATION NUMBER
Classification number 821
Item number MUR/OR
100 ## - MAIN ENTRY--AUTHOR NAME
Personal name Murray, Gilbert .
245 00 - TITLE STATEMENT
Title oresteia
260 ## - PUBLICATION, DISTRIBUTION, ETC. (IMPRINT)
Place of publication London :
Name of publisher George allen & unwin ltd ,
Year of publication 1956.
300 ## - PHYSICAL DESCRIPTION
Number of Pages 266 ; .
942 ## - ADDED ENTRY ELEMENTS (KOHA)
Koha item type Books
Holdings
Withdrawn status Lost status Damaged status Home library Current library Date acquired Cost, normal purchase price Full call number Accession Number Koha item type Public note
Withdrawn     KAUAET Malayalam University 07/04/2012 12.60 821 6924 Books Transferred to Malayalam University
free website counter